00317nam a2200121Ia 4500008004100000100001800041245005500059260003400114300000900148650001400157942000700171999001700178190216s9999||||xx |||||||||||||| ||und|| aVasudevan P A 0aVyavasayika Bandhangalum Trade Union Pravarthanvum bKerala Bhasha Institutec1985 a207p aEconomics cBK c40401d40401